| 000 | 00778nam a2200241Ia 4500 | ||
|---|---|---|---|
| 003 | GCL | ||
| 008 | 140319s9999 xx 000 0 ara d | ||
| 040 |
_aGCL / _cGCL |
||
| 082 | 0 | 4 |
_a722 _bع م |
| 100 | 1 | _aعبدالباقى ابراهيم | |
| 245 | 1 | 0 |
_aالمنظور التاريخى للعمارة فى المشرق العربى / _cعبدالباقى ابراهيم |
| 700 | 1 | _aحازم محمد ابراهيم | |
| 260 |
_a[S.N] : _bمركز الدراسات التخطيطية والمعمارية ، _c1986 |
||
| 300 | _a122 ص | ||
| 490 | _a | ||
| 650 | 0 | 4 | _aمصر |
| 650 | 0 | 4 | _aالسودان |
| 650 | 0 | 4 | _aالعراق |
| 650 | 0 | 4 | _aالشام |
| 650 | 0 | 4 | _aالعمارة العربية |
| 650 | 0 | 4 | _aالجزيرة العربية |
| 942 |
_2ddc _cBK |
||
| 999 |
_c54183 _d54183 |
||